000 00322nam a2200133Ia 4500
005 20260328101452.0
008 260328s9999||||xx |||||||||||||| ||und||
100 _aGardiner, Stephen
245 0 _aLe Corbusier /
_cStephen Gardiner
260 _bFontana
300 _a127 p.
650 _aARQUITECTURA MODERNA
942 _cBK
999 _c8689
_d8689